Are you Smart or Dumb? - Statistics

General Stats
  • This quiz has been taken 280 times
  • The average score is 12 of 15
Answer Stats
Hint Answer % Correct
8x8 64
98%
4+4+4+4 16
91%
How much fingers do we have? 10
90%
Name one of the four seasons Spring/Summer/Fall/Winter
90%
1x1x3 3
89%
Which country has the biggest land area? Russia
89%
26th letter in the alphabet z
89%
How much days are in February leap year 29
88%
4343-1 4342
88%
When year did the titanic sink? 1912
74%
Which country has the smallest land area? Vatican City
73%
What is the first element in the periodic table? Hydrogen
72%
928-243 685
71%
24-8÷2x3 12
69%
What are we breathing? Carbon Dioxide
31%
No matching quizzes found
Score Distribution
Percent of People with Each Score
Percentile by Number Answered
Your Score History
You have not taken this quiz